BIBLIOTECA “JULIO CORTÁZAR”
ESCUELA AGROTÉCNICA “LIBERTADOR GENERAL SAN MARTÍN” - UNR – CASILDA

Logo Escuela Logo UNR

Genera Et Species Plantarum Argentinarum / (Record no. 541)

MARC details
000 -LEADER
campo de control de longitud fija 00727nam#a22002655a#4500
001 - NÚMERO DE CONTROL
campo de control 541
008 - DATOS DE LONGITUD FIJA--INFORMACIÓN GENERAL
campo de control de longitud fija 070329s1947####ag#f###f|a###||01#||lat#|
080 ## - NÚMERO DE LA CLASIFICACIÓN DECIMAL UNIVERSAL
Número de la Clasificación Decimal Universal 582.3/.9 (82)
084 ## - OTRO NÚMERO DE CLASIFICACIÓN
Número de clasificación G 37
040 ## - FUENTE DE CATALOGACIÓN
Centro catalogador/agencia de origen AR-ClEAG
Centro/agencia transcriptor AR-ClEAG
005 - FECHA Y HORA DE LA ÚLTIMA TRANSACCIÓN
campo de control 20241107184638.0
003 - IDENTIFICADOR DE NÚMERO DE CONTROL
campo de control AR-ClEAG
100 1# - ENTRADA PRINCIPAL--NOMBRE DE PERSONA
Nombre de persona Barrios, Emmanuel.
245 10 - MENCIÓN DEL TÍTULO
Título Genera Et Species Plantarum Argentinarum /
Mención de responsabilidad, etc. Emmanuel Barrios.
250 ## - MENCION DE EDICION
Mención de edición 1ª ed.
260 ## - PUBLICACIÓN, DISTRIBUCIÓN, ETC.
Lugar de publicación, distribución, etc. Buenos Aires :
Nombre del editor, distribuidor, etc. Apud Guillermo Kraft,
Fecha de publicación, distribución, etc. 1947.
300 ## - DESCRIPCIÓN FÍSICA
Extensión 249 p. :
Otras características físicas lam. ;
Dimensiones 50 cm.
490 0# - MENCIÓN DE SERIE
Mención de serie Cyperaceae
653 ## - TÉRMINO DE INDIZACIÓN--NO CONTROLADO
Término no controlado Especies de plantas
653 ## - TÉRMINO DE INDIZACIÓN--NO CONTROLADO
Término no controlado Descripción de la familia
653 ## - TÉRMINO DE INDIZACIÓN--NO CONTROLADO
Término no controlado Distribición geográfica
653 ## - TÉRMINO DE INDIZACIÓN--NO CONTROLADO
Término no controlado Subfamilia
653 ## - TÉRMINO DE INDIZACIÓN--NO CONTROLADO
Término no controlado Clave de las familias
942 ## - ELEMENTOS DE ENTRADA SECUNDARIOS (KOHA)
Tipo de ítem Koha Libros
980 ## - EQUIVALENCIA O REFERENCIA-CRUZADA-MENCIÓN DE SERIE--NOMBRE DE PERSONA/TÍTULO [LOCAL, CANADÁ]
Enlace 2
Nombre de persona Evangelina Gallicchio
Enlace entre campo y número de secuencia 2
Información miscelánea Evangelina Gallicchio
Holdings
Estatus retirado Estado de pérdida Fuente del sistema de clasificación o colocación Estado de daño No para préstamo Biblioteca de origen Biblioteca actual Ubicación en estantería Fecha de adquisición Número de inventario Total de préstamos Signatura topográfica completa Código de barras Visto por última vez Precio de reemplazo Tipo de ítem Koha
    Clasificación decimal universal     Julio Cortázar Julio Cortázar   07/11/2024 2166   R22 582.3/.99(82) G37 T.IV; I T: IV ; I Ej.1 2166 07/11/2024 07/11/2024 Libros

Contacto

Biblioteca Julio Cortázar. Escuela Agrotécnica "Libertador San Martín". Universidad Nacional de Rosario
Dirección: Ov. Lagos 1000 - 2170 Casilda - Santa Fe - Argentina
Tel: (54) (03464) 422226.
Fax: (54) (03464) 427789.
E-Mail: biblio-eac@unr.edu.ar